Most Populous Political Subdivision in Europe - Statistics

General Stats
  • This quiz has been taken 143 times
  • The average score is 7 of 12
Answer Stats
type population Answer % Correct
constituent country 51,446,600 England
89%
federal city 11,503,501 Moscow
79%
oblast 7,095,120 Moscow Oblast
79%
state 12,510,331 Bavaria
78%
autonomous community 7,565,603 Catalonia
71%
region 11,694,000 Ile-de-France
57%
state 17,872,863 North Rhine-Westphalia
55%
region 10,006,710 Lombardy
47%
autonomous community 8,424,102 Andalusia
44%
state 10,747,479 Baden-Wurttemburg
42%
state 7,913,502 Lower Saxony
42%
constituent country 16,748,205 Netherlands
36%
No matching quizzes found
Score Distribution
Percent of People with Each Score
Percentile by Number Answered
Your Score History
You have not taken this quiz